000 00333nam a22001457a 4500
008 210514b ||||| |||| 00| 0 eng d
020 _a9780595140374
041 _aeng
080 _a159.9
082 _a159.9
100 _a48
101 _aPSI
245 _aRecovering from the Loss of a Parent
_cDonnelly,K.F
942 _2udc
_cBK
999 _c57317
_d57317